000 01003cam a22002534a 4500
999 _c57451
_d57451
001 12776205
005 20211116114710.0
008 020515s2016 ne b 001 0 eng
020 _a9783319210148
041 _aeng
080 _a517.98 I-57
245 1 0 _aIntegral Operators in Non-Standard Function Spaces :
_cby Vakhtang Kokilashvili, and Alexander Meskhi, Humberto Rafeiro, Stefan Samko.
_bVolume 1 /
264 _aBoston :
_bBirkhäuser,
_c2016.
300 _a567 p. ;
_c25 cm.
504 _aIncludes bibliographical references (p. 529-553) and index.
653 _aმათემატიკა
653 _aინტეგრალები
700 1 _aKokilashvili, V. M.
_q(Vakhtang Mikhaĭlovich)
_eავტორი
_98354
700 1 _aMeskhi, Alexander
_eავტორი
_98357
700 1 _a Rafeiro, Humberto
_eავტორი
_98686
700 1 _a Samko, Stefan
_eავტორი
_98687
700 1 _aMeskhi, Alexander.
_eავტორი
_98357
942 _2udc
_cBK